All players at the World Cup 2022 - Statistics

General Stats
  • This quiz has been taken 312 times
    304 since last reset
  • The average score is 190 of 862
Answer Stats
Footballer % Correct
Lionel Messi
88%
Henry Martin
87%
Kylian Mbappe
85%
Cho Yu-Min
84%
Harry Kane
84%
Emiliano Martínez
83%
Lautaro Martínez
83%
Lisandro Martínez
83%
Robert Lewandowski
83%
Carlos Martínez
81%
Cristiano Ronaldo
80%
Gareth Bale
79%
Hugo Lloris
78%
Neymar
77%
Virgil van Dijk
77%
Bukayo Saka
76%
Jordan Pickford
76%
Kevin de Bruyne
76%
Kim Jin-Su
76%
Manuel Neuer
75%
Bruno Fernandes
74%
Luka Modrić
74%
Christian Pulisic
73%
Achraf Hakimi
71%
Adam Davies
71%
Alisson
71%
Alphonso Davies
71%
Antoine Griezmann
71%
Ben Davies
71%
Gavi
71%
Harry Maguire
71%
Lucas Hernandez
71%
Olivier Giroud
71%
Phil Foden
71%
Thiago Silva
71%
Almoez Ali
70%
Christian Eriksen
70%
Theo Hernandez
70%
Anthony Hernandez
69%
Édouard Mendy
69%
Formose Mendy
69%
Hwang Ui-Jo
69%
Jude Bellingham
69%
Luis Suárez
69%
Nampalys Mendy
69%
Romelu Lukaku
69%
Bernardo Silva
68%
Boulaye Dia
68%
Pedri
68%
Son Heung-Min
68%
Antonio Silva
67%
Frenkie de Jong
67%
Kyle Walker
67%
Luuk de Jong
67%
Rodri
67%
Ederson
66%
Enzo Fernández
66%
Julián Álvarez
66%
Marcus Rashford
66%
Thibaut Courtois
66%
Edson Álvarez
65%
John Stones
65%
Thomas Müller
65%
Ángel Di María
64%
Kevin Álvarez
64%
Luke Shaw
64%
Jack Grealish
63%
Keylor Navas
63%
Vinicius Junior
63%
Guillermo Ochoa
61%
Na Sang-Ho
61%
Paik Seung-Ho
61%
Son Jun-Ho
61%
Unai Simon
61%
Raheem Sterling
60%
Kalidou Koulibaly
59%
Matthijs de Ligt
59%
Richarlison
59%
Thorgan Hazard
59%
Álvaro Morata
58%
Declan Rice
58%
Memphis Depay
58%
Trent Alexander-Arnold
58%
Yann Sommer
58%
Cody Gakpo
57%
Enner Valencia
57%
Marc-André ter Stegen
57%
Jonathan David
56%
Rodrigo De Paul
56%
Wojciech Szczęsny
56%
Goncalo Ramos
55%
Ruben Dias
55%
Yassine Bounou
55%
Denzel Dumfries
54%
Eduardo Camavinga
54%
Ferran Torres
54%
Ivan Perisić
54%
Joshua Kimmich
54%
Kai Havertz
54%
Mehdi Taremi
54%
Ousmane Dembele
54%
Aaron Ramsdale
53%
Alexis Mac Allister
53%
Facundo Torres
53%
Felix Torres
53%
Gerson Torres
53%
Jordan Henderson
53%
Kasper Schmeichel
53%
Kim Min-Jae
53%
Nick Pope
53%
Nicolás Otamendi
53%
Pau Torres
53%
Rodrygo
53%
Sergio Busquets
53%
Xherdan Shaqiri
53%
Antonio Rüdiger
52%
Benjamin Pavard
52%
Karim Benzema
52%
Adrien Rabiot
51%
Casemiro
51%
Edinson Cavani
51%
Federico Valverde
51%
Granit Xhaka
51%
Marquinhos
51%
Moisés Caicedo
51%
Paulo Dybala
51%
Randal Kolo Muani
51%
Cristian Romero
50%
Dayot Upamecano
50%
Hakim Ziyech
50%
Kieran Trippier
50%
Matty Cash
50%
Dominik Livaković
49%
Iñaki Williams
49%
Jamal Musiala
49%
Jules Kounde
49%
Leroy Sané
49%
Nico Williams
49%
Serge Gnabry
49%
Wout Weghorst
49%
Jonny Williams
48%
José María Giménez
48%
Mateo Kovacić
48%
Neco Williams
48%
Pepe
48%
Raphael Varane
48%
Charly Rodríguez
47%
Guido Rodriguez
47%
Ibrahima Konate
47%
İlkay Gündoğan
47%
Jan Vertonghen
47%
José Luis Rodríguez
47%
Kevin Rodríguez
47%
Ricardo Rodríguez
47%
Amadou Onana
46%
Andre Onana
46%
Diogo Costa
46%
Jordi Alba
46%
Lucas Paqueta
46%
Marcos Acuña
46%
Mason Mount
46%
Weston McKennie
46%
Daniel James
45%
Edimilson Fernandes
45%
Aymeric Laporte
44%
Darwin Núñez
44%
Joao Cancelo
44%
Joao Felix
44%
Josko Gvardiol
44%
Sergej Milinković-Savić
44%
Sofyan Amrabat
44%
Tim Weah
44%
Vanja Milinković-Savić
44%
Andreas Christensen
43%
Dani Carvajal
43%
Gabriel Jesus
43%
Kalvin Phillips
43%
Kingsley Coman
43%
Marcus Thuram
43%
Nahuel Molina
43%
Nathan Aké
43%
Niclas Füllkrug
43%
Oliver Christensen
43%
Piotr Zieliński
43%
Rui Patricio
43%
Callum Wilson
42%
Dusan Vlahović
42%
Manuel Akanji
42%
Aaron Ramsey
41%
Aleksandar Mitrović
41%
Alphonse Areola
41%
Breel Embolo
41%
Daley Blind
41%
Harry Wilson
41%
Jorge Sánchez
41%
Rafael Leao
41%
Roan Wilson
41%
Robert Sánchez
41%
Stefan Mitrović
41%
William Saliba
41%
Danilo
40%
Leon Goretzka
40%
Kaoru Mitoma
39%
Marcelo Brozović
39%
Raphinha
39%
Akram Afif
38%
Maxi Gómez
38%
Niklas Süle
38%
Papu Gómez
38%
Raúl Jiménez
38%
Toby Alderweireld
38%
Eder Militao
37%
Pervis Estupiñán
37%
Steve Mandanda
37%
Arkadiusz Milik
36%
Axel Witsel
36%
Ismaïla Sarr
36%
Kamil Glik
36%
Nicolás Tagliafico
36%
Pape Matar Sarr
36%
Andrej Kramarić
35%
Leandro Paredes
35%
Mathew Ryan
35%
Ronald Araújo
35%
Dani Olmo
34%
Dusan Tadić
34%
Hirving Lozano
34%
Matt Turner
34%
Nuno Mendes
34%
Ruben Neves
34%
Stefan de Vrij
34%
Ben White
33%
Bryan Ruiz
33%
Domagoj Vida
33%
Fred
33%
Gonzalo Montiel
33%
Néstor Araujo
33%
Pedro
33%
Simon Kjaer
33%
Vincent Aboubakar
33%
Xavi Simons
33%
Yussuf Poulsen
33%
Alejandro Balde
32%
Antony
32%
Gio Reyna
32%
Jérémy Doku
32%
Mohammed Kudus
32%
Nasser Al-Dawsari
32%
Nico Schlotterbeck
32%
Pierre-Emile Hojbjerg
32%
Salem Al-Dawsari
32%
Thomas Meunier
32%
Bruno Guimaraes
31%
Daniel Alves
31%
Eric Dier
31%
Gabriel Martinelli
31%
Gregor Kobel
31%
James Maddison
31%
Piero Hincapié
31%
Sardar Azmoun
31%
Sergino Dest
31%
Thomas Partey
31%
Youri Tielemans
31%
Youssef En-Nesyri
31%
Jurrien Timber
30%
Alex Sandro
29%
Andre Ayew
29%
Brennan Johnson
29%
Fernando Muslera
29%
Grzegorz Krychowiak
29%
Jordan Ayew
29%
Mikkel Damsgaard
29%
Noussair Mazraoui
29%
Sean Johnson
29%
Teun Koopmeiners
29%
Tyler Adams
29%
Wataru Endo
29%
Conor Gallagher
28%
Fabinho
28%
Koke
28%
Lee Kang-In
28%
Michy Batshuayi
28%
Nicolas Jackson
28%
Tim Ream
28%
Antonee Robinson
27%
Dejan Lovren
27%
Hiroki Ito
27%
Idrissa Gana Gueye
27%
Jeremie Frimpong
27%
Junya Ito
27%
Pape Gueye
27%
Steven Bergwijn
27%
Youssouf Fofana
27%
Conor Coady
26%
Danilo Pereira
26%
Dries Mertens
26%
Kevin Trapp
26%
Romain Saiss
26%
Takehiro Tomiyasu
26%
Wahbi Khazri
26%
Yannick Carrasco
26%
Ángel Correa
25%
César Azpilicueta
25%
Eric García
25%
Filip Kostić
25%
Joakim Maehle
25%
Marcos Llorente
25%
Steven Berghuis
25%
Danny Ward
24%
David Raum
24%
Diego Godín
24%
Gerónimo Rulli
24%
Joel Campbell
24%
Kasper Dolberg
24%
Nayef Aguerd
24%
Vitinha
24%
Ansu Fati
23%
Brenden Aaronson
23%
Diogo Dalot
23%
Jakub Kiwior
23%
Julian Brandt
23%
Koen Casteels
23%
Krzysztof Piątek
23%
Leandro Trossard
23%
Marco Asensio
23%
Simon Mignolet
23%
Timothy Castagne
23%
Axel Disasi
22%
Eric Maxim Choupo-Moting
22%
Hwang Hee-Chan
22%
Karim Adeyemi
22%
Kieffer Moore
22%
Kim Moon-Hwan
22%
Kim Tae-Hwan
22%
Renato Steffen
22%
Rodrigo Bentancur
22%
Shaq Moore
22%
Takumi Minamino
22%
Wayne Hennessey
22%
Weverton
22%
Andries Noppert
21%
Fabian Schär
21%
Juan Pablo Vargas
21%
Luka Jović
21%
Marten de Roon
21%
Martin Braithwaite
21%
Ruben Vargas
21%
Sofiane Boufal
21%
Wout Faes
21%
Abdou Diallo
20%
Bremer
20%
Davy Klaassen
20%
Héctor Herrera
20%
Héctor Moreno
20%
Jan Bednarek
20%
Jordan Veretout
20%
Matthew Smith
20%
Ritsu Doan
20%
Aaron Mooy
19%
Azzedine Ounahi
19%
Damian Szymański
19%
Denis Zakaria
19%
Douglas López
19%
Franco Armani
19%
Haris Seferović
19%
Matheus Nunes
19%
Mathew Leckie
19%
Mislav Orsić
19%
Nao Lang
19%
Raphael Guerreiro
19%
Sebastian Szymański
19%
Walker Zimmerman
19%
Alex Telles
18%
Andre-Frank Zambo Anguissa
18%
Atiba Hutchinson
18%
Borna Sosa
18%
Bruno Petković
18%
Germán Pezzella
18%
Joachim Andersen
18%
Lovro Majer
18%
Łukasz Skorupski
18%
Matteo Guendouzi
18%
Nicola Zalewski
18%
Nikola Milenković
18%
Remo Freuler
18%
Sebastian Sosa
18%
Strahinja Pavlović
18%
Takefusa Kubo
18%
Thilo Kehrer
18%
Youssoufa Moukoko
18%
Matthias Ginter
17%
Mohammed Salisu
17%
Nemanja Gudelj
17%
Thomas Delaney
17%
Tyrell Malacia
17%
Yunus Musah
17%
Andreas Skov Olsen
16%
Carlos Soler
16%
Connor Roberts
16%
Diego Palacios
16%
Ethan Ampadu
16%
Exequiel Palacios
16%
Ilimane Ndiaye
16%
Luis Chávez
16%
Mario Götze
16%
Mario Pasalić
16%
Maya Yoshida
16%
Moussa N'Diaye
16%
Pablo Sarabia
16%
Pathé Ismael Ciss
16%
Remko Pasveer
16%
William Carvalho
16%
Andrés Guardado
15%
Charles De Ketelaere
15%
Giorgian De Arrascaeta
15%
Joe Allen
15%
Alistair Johnston
14%
Arthur Theate
14%
Bartosz Bereszyński
14%
Craig Goodwin
14%
Daichi Kamada
14%
Daizen Maeda
14%
Hans Vanaken
14%
Joao Palhinha
14%
Josip Juranović
14%
Juan Foyth
14%
Justin Bijlow
14%
Leander Dendoncker
14%
Loïs Openda
14%
Nico Elvedi
14%
William Pacho
14%
Alireza Jahanbakhsh
13%
Elyas Skhiri
13%
Jackson Irvine
13%
Jeremy Sarmiento
13%
Kamil Grosicki
13%
Karl Toko Ekambi
13%
Karol Świderski
13%
Lucas Torreira
13%
Lukas Klostermann
13%
Mohamed Muntari
13%
Nikola Vlasić
13%
Rasmus Kristensen
13%
Facundo Pellistri
12%
Kamal Miller
12%
Mathias Jensen
12%
Mitchell Duke
12%
Noah Okafor
12%
Pape Abou Cissé
12%
Robert Skov
12%
Yahia Attiyat Allah
12%
Ante Budimir
11%
Bamba Dieng
11%
Bryan Mbeumo
11%
Eiji Kawashima
11%
Hannibal Mejbri
11%
Harry Souttar
11%
Joao Mario
11%
Joe Rodon
11%
Jonas Wind
11%
Josh Sargent
11%
Josip Sutalo
11%
Manuel Ugarte
11%
Marko Livaja
11%
Martín Cáceres
11%
Matias Vecino
11%
Milan Borjan
11%
Nemanja Maksimović
11%
Sasa Lukić
11%
Sebas Mendez
11%
Seny Dieng
11%
Tajon Buchanan
11%
Takuma Asano
11%
Thiago Almada
11%
Alexander Domínguez
10%
Alfred Gomis
10%
Aurelien Tchoumeni
10%
Daniel Wass
10%
Djibril Sow
10%
Gonzalo Plata
10%
Ismael Kone
10%
Jakub Kamiński
10%
Jens Stryger Larsen
10%
Jo Hyeon-Woo
10%
Josip Stanisić
10%
Krépin Diatta
10%
Przemysław Frankowski
10%
Rogelio Funes Mori
10%
Zeno Debast
10%
Aaron Long
9%
Aissa Laidouni
9%
Alexander Bah
9%
Ali Al-Hassan
9%
Antoine Semenyo
9%
Bailey Wright
9%
Cheikhou Kouyaté
9%
Chris Gunter
9%
Christian Günter
9%
Cyle Larin
9%
David Gaya
9%
DeAndre Yedlin
9%
Fodé Ballo-Touré
9%
Haji Wright
9%
Hiroki Sakai
9%
Homam Ahmed
9%
Ivan Ilić
9%
Jesus Ferreira
9%
Joel King
9%
Jonas Hofmann
9%
Mohamed Kanno
9%
Moisés Ramírez
9%
Mouez Hassen
9%
Predrag Rajković
9%
Selim Amallah
9%
Stephen Eustaquio
9%
Tariq Lamptey
9%
Yuto Nagatomo
9%
Abdelkarim Hassan
8%
Alexis Vega
8%
Andreas Cornelius
8%
Ángelo Preciado
8%
Ayrton Preciado
8%
Cho Gue-Sung
8%
Chris Mepham
8%
Derek Cornelius
8%
Everton Ribeiro
8%
Jose Sa
8%
Jung Woo-Young
8%
Kenneth Taylor
8%
Keysher Fuller
8%
Mathías Olivera
8%
Nicolas De La Cruz
8%
Pedro Miguel
8%
Ricardo Horta
8%
Sergio Rochet
8%
Yousef Hassan
8%
Youssouf Sabaly
8%
Abdelhamid Sabiri
7%
Alireza Beiranvand
7%
Collins Fai
7%
Garang Kuol
7%
Jean-Charles Castelletto
7%
Krystian Bielik
7%
Lee Jae-Sung
7%
Nicolas Nkoulou
7%
Silvan Widmer
7%
Vincent Janssen
7%
Abdul-Rahman Baba
6%
Ao Tanaka
6%
Armell Bella Kotchap
6%
Artur Jędrzejczyk
6%
Aziz Behich
6%
César Montes
6%
Jesús Gallardo
6%
Junior Hoilett
6%
Kamil Grabara
6%
Kellyn Acosta
6%
Ko Itakura
6%
Lawrence Ati-Zigi
6%
Marko Dmitrović
6%
Milos Degenek
6%
Montassar Talbi
6%
Pierre Kunde
6%
Richie Laryea
6%
Salman Al-Faraj
6%
Saman Ghoddos
6%
Song Bum-Keun
6%
Vahid Amiri
6%
Walid Cheddira
6%
Ali Gholizadeh
5%
Andrija Zivković
5%
Ángel Mena
5%
Borna Barisić
5%
Daniel Amartey
5%
Devis Epassy
5%
Fabian Frei
5%
Hassan Al-Haydos
5%
Hernán Galíndez
5%
Hidemasa Morita
5%
Jamie Maclaren
5%
Jawad El Yamiq
5%
Johan Vasquez
5%
Jonas Omlin
5%
Jonathan Osorio
5%
Kendall Waston
5%
Michael Estrada
5%
Mohamed Al-Owais
5%
Nemanja Radonjić
5%
Samuel Adekugbe
5%
Samuel Piette
5%
Yeremy Pino
5%
Abde Ezzalzouli
4%
Abderrazak Hamdallah
4%
Abdulelah Al-Amri
4%
Abdullah Madu
4%
Achraf Dari
4%
Alan Franco
4%
Alexander Djiku
4%
Alfredo Talavera
4%
Andrew Redmayne
4%
Bryan Oviedo
4%
Carlos Gruezo
4%
Darko Lazović
4%
Dayne St. Clair
4%
Dylan Bronn
4%
Erick Gutiérrez
4%
Famara Diédhiou
4%
Ferjani Sassi
4%
Filip Duricić
4%
Francisco Calvo
4%
Georges-Kevin Nkoudou
4%
Ilias Chair
4%
Ismail Jakobs
4%
Ivo Grbić
4%
Joe Morrell
4%
Kamaldeen Sulemana
4%
Karim Ansarifard
4%
Luis Romo
4%
Luka Sucić
4%
Majid Hosseini
4%
Mark-Anthony Kaye
4%
Mark Harris
4%
Marko Grujić
4%
Martin Hongla
4%
Meshaal Barsham
4%
Michel Aebischer
4%
Milad Mohammadi
4%
Milos Veljković
4%
Osman Bukari
4%
Robert Arboleda
4%
Saad Al-Sheeb
4%
Sadegh Moharrami
4%
Saleh Al-Shehri
4%
Saud Abdulhamid
4%
Seyed Hossein Hosseini
4%
Shuichi Gonda
4%
Steven Vitoria
4%
Uriel Antuna
4%
Yasser Al-Shahrani
4%
Yeltsin Tejeda
4%
Youssef Msakni
4%
Zakaria Aboukhlal
4%
Abdulelah Al-Malki
3%
Ajdin Hrustic
3%
Ali Maaloul
3%
Anass Zaroury
3%
Andrezinho
3%
Anis Ben Slimane
3%
Awer Mabil
3%
Ayase Ueda
3%
Bassam Al-Rawi
3%
Bechir Ben Said
3%
Bilel Ifa
3%
Boualem Khoukhi
3%
Cameron Carter-Vickers
3%
Celso Borges
3%
Christian Fassnacht
3%
Danlad Ibrahim
3%
Denis Odoi
3%
Ehsan Hajsafi
3%
Esteban Alvarado
3%
Ethan Horvath
3%
Filip Mladenović
3%
Firas Al-Buraikan
3%
FRANCE
3%
Gaku Shibasaki
3%
GHANA
3%
Gideon Mensah
3%
Hugo Guillamon
3%
Ismail Mohamad
3%
Ivica Ivusić
3%
James Pantemis
3%
Jewisson Bennette
3%
Joel Waterman
3%
Joe Scally
3%
Johan Venegas
3%
Jordan Morris
3%
Kim Young-Gwon
3%
Kristijan Jakić
3%
Martin Erlić
3%
Mateusz Wieteska
3%
Matías Viña
3%
MEXICO
3%
Michał Skóraś
3%
Mohamed Drager
3%
Moumi Ngamaleu
3%
Naim Sliti
3%
Orbelín Pineda
3%
Óscar Duarte
3%
Roberto Alvarado
3%
Rubin Colwill
3%
Samuel Gouet
3%
Sebastián Coates
3%
Seifeddine Jaziri
3%
Tarek Salman
3%
Tom Lockyer
3%
USA
3%
Victor Nelsson
3%
Abdullah Otayf
2%
Ali Abdi
2%
Amir Abedzadeh
2%
Anthony Contreras
2%
AUSTRALIA
2%
Aymen Mathlouthi
2%
BELGIUM
2%
Bilel El Khanouss
2%
Brandon Aguilera
2%
BRAZIL
2%
CAMEROON
2%
CANADA
2%
Christopher Wooh
2%
COSTA RICA
2%
Daniel Schmidt
2%
DENMARK
2%
ECUADOR
2%
ENGLAND
2%
Enzo Ebosse
2%
Gerardo Arteaga
2%
GERMANY
2%
Hattan Bahebri
2%
Hwang In-Beom
2%
JAPAN
2%
Jason Cummings
2%
Jeong Woo-Yeong
2%
Karim Boudiaf
2%
Liam Millar
2%
Luca de la Torre
2%
Miki Yamane
2%
MOROCCO
2%
Moustapha Name
2%
Musaab Khidir
2%
NETHERLANDS
2%
Olivier Mbaizo
2%
Olivier Ntcham
2%
Philipp Köhn
2%
POLAND
2%
PORTUGAL
2%
QATAR
2%
Robert Gumny
2%
Rodolfo Cota
2%
Romario Ibarra
2%
Saeid Ezatolahi
2%
Sami Al-Najei
2%
SAUDI ARABIA
2%
SERBIA
2%
Shojae Khalilzadeh
2%
Sorba Thomas
2%
SPAIN
2%
Strahinja Eraković
2%
SWITZERLAND
2%
Szymon Żurkowski
2%
Thomas Deng
2%
TUNISIA
2%
URUGUAY
2%
WALES
2%
Yassine Meriah
2%
Abolfazl Jalali
1%
Agustin Canobbio
1%
Ahmad Noorollahi
1%
Ahmed Alaaeldin
1%
Ahmed Reda Tagnaouti
1%
Ali Al-Bulaihi
1%
Ali Asad
1%
Alidu Seidu
1%
Ali Karimi
1%
Ardon Jashari
1%
ARGENTINA
1%
Aymen Dahmen
1%
Badr Benoun
1%
Ben Cabango
1%
Cameron Devlin
1%
Christian Bassogog
1%
Cristian Roldan
1%
CROATIA
1%
Daniel Afriyie
1%
Daniel-Kofi Kyereh
1%
Danny Vukovic
1%
Djorkaeff Reasco
1%
Elisha Owusu
1%
Eray Cömert
1%
Fabian Rieder
1%
Fran Karacic
1%
Gael Ondoua
1%
Guillermo Varela
1%
Haitham Asiri
1%
Hassan Tambakti
1%
Hong Chul
1%
Ike Ugbo
1%
IRAN
1%
Issahaku Abdul Fatawu
1%
Jackson Porozo
1%
Jean-Pierre Nsame
1%
Jerome Ngom Mbekeli
1%
José Cifuentes
1%
Joseph Aidoo
1%
Kamal Sowah
1%
Keanu Baccus
1%
Kim Seung-Gyu
1%
KOREA REPUBLIC
1%
Kwon Chang-Hoon
1%
Kwon Kyung-Won
1%
Kye Rowles
1%
Liam Fraser
1%
Lucas Cavallini
1%
Mamdou Loum
1%
Manaf Nurudeen
1%
Marco Tilio
1%
Mohamed Al-Yami
1%
Mohammed Waad
1%
Moustafa Tarek
1%
Munir El Kajoui
1%
Nawaf Al-Aqidi
1%
Nouhou Tolo
1%
ohamed Ali Ben Romdhane
1%
Otavio Monteiro
1%
Ramin Rezaeian
1%
Riley McGree
1%
Ronald Matarrita
1%
Rouzbeh Cheshmi
1%
Salis Abdul Samed
1%
SENEGAL
1%
Shogo Taniguchi
1%
Shuto Machino
1%
Simon Ngapandouetnbu
1%
Song Min-Kyu
1%
Souaibou Marou
1%
Srdan Babić
1%
Sultan Al-Ghanam
1%
Uros Racić
1%
Xavier Arreaga
1%
Yahya Jabrane
1%
Yuki Soma
1%
Abdelaziz Hatim
0%
Abdulrahman Al-Aboud
0%
Álvaro Zamora
0%
Assim Modibo
0%
Christian Noergaard
0%
Daniel Chacón
0%
David Wotherspoon
0%
Dylan Levitt
0%
Frederik Roennow
0%
Ghaylane Chaalali
0%
Hossein Kanaanizadegan
0%
Issam Jebali
0%
Jassem Gaber
0%
Jesper Lindstroem
0%
Khalid Muneer
0%
Mehdi Torabi
0%
Mohammed Al-Breik
0%
Morteza Pouraliganji
0%
Nader Ghandri
0%
Naif Al-Hadhrami
0%
Nathaniel Atkinson
0%
Nawaf Al-Abed
0%
Patrick Sequeira
0%
Payam Niazmand
0%
Riyadh Sharahili
0%
Salem Al-Hajri
0%
Taha Yassine Khenissi
0%
Wajdi Kechrida
0%
Yoon Jong-Gyu
0%
Youstin Salas
0%
No matching quizzes found
Score Distribution
Percent of People with Each Score
Percentile by Number Answered
Your Score History
You have not taken this quiz since the last reset